[Event "Titled Tuesday intern op 16th Apr Late"]
[Site "Chess.com INT"]
[Date "2024.04.16"]
[Round "10"]
[White "Potapova, Margarita"]
[Black "Lin, Bryan Enming"]
[Result "0-1"]
[WhiteElo "2112"]
[BlackElo "2087"]
[PlyCount "72"]
[EventDate "2024.04.16"]
[EventType "swiss (blitz)"]
[EventRounds "11"]
[EventCountry "USA"]
[SourceTitle "CB17_2024"]
[SourceDate "2024.04.24"]
[SourceVersion "1"]
[SourceVersionDate "2024.04.24"]
[SourceQuality "1"]

1. d4 Nf6 2. c4 g6 3. Nc3 Bg7 4. e4 d6 5. Be2 0-0 6. f4 c5 7. Nf3 cxd4 8. Nxd4 Nc6 9. Be3 e5 10. Nxc6 bxc6 11. 0-0 exf4 12. Bxf4 Qb6+ 13. Kh1 Qxb2 14. Na4 Qb7 15. Rb1 Qd7 16. Bxd6 Rd8 17. e5 Ne4 18. c5 Qe8 19. Bc4 Be6 20. Bxe6 Qxe6 21. Rb7 Bxe5 22. Qf3 Bxd6 23. cxd6 Nxd6 24. Nc5 Qc4 25. Qf6 Nxb7 26. Nxb7 Rd2 27. Nd6 Qe6 28. Ne4 Qxf6 29. Nxf6+ Kg7 30. g4 Rxa2 31. g5 Rd8 32. Re1 Rdd2 33. h4 Rh2+ 34. Kg1 Rag2+ 35. Kf1 Rh1+ 36. Kxg2 Rxe1 0-1

[Event "Titled Tuesday intern op 02nd Apr Late"]
[Site "Chess.com INT"]
[Date "2024.04.02"]
[Round "11"]
[White "Harish, Neeraj"]
[Black "Potapova, Margarita"]
[Result "0-1"]
[WhiteElo "2213"]
[BlackElo "2112"]
[PlyCount "74"]
[EventDate "2024.04.02"]
[EventType "swiss (blitz)"]
[EventRounds "11"]
[EventCountry "USA"]
[SourceTitle "CB15_2024"]
[SourceDate "2024.04.10"]
[SourceVersion "1"]
[SourceVersionDate "2024.04.10"]
[SourceQuality "1"]

1. e4 e6 2. d4 d5 3. e5 c5 4. c3 Bd7 5. Nf3 Qb6 6. Be2 Bb5 7. Bxb5+ Qxb5 8. Na3 Qc6 9. dxc5 Bxc5 10. b4 Be7 11. Qb3 Nh6 12. Bxh6 gxh6 13. Nd4 Qd7 14. 0-0 0-0 15. Rad1 Nc6 16. c4 Nxe5 17. Qg3+ Ng6 18. c5 e5 19. Nf3 Qe6 20. Rfe1 e4 21. Nd4 Qd7 22. Nac2 a5 23. a3 axb4 24. axb4 Ra2 25. Ne3 f5 26. Qh3 Nf4 27. Qxh6 Nd3 28. Rf1 f4 29. Ne6 Rf7 30. Ng4 Ra6 31. Qh5 Qxe6 32. Nh6+ Qxh6 33. Qg4+ Rg6 34. Qc8+ Kg7 35. Qxb7 Qg5 36. g3 f3 37. Qc6 Qh5 0-1

[Event "Titled Tuesday intern op 02nd Apr Late"]
[Site "Chess.com INT"]
[Date "2024.04.02"]
[Round "4"]
[White "Potapova, Margarita"]
[Black "Houhou, Alexandre"]
[Result "1-0"]
[WhiteElo "2112"]
[BlackElo "2121"]
[PlyCount "79"]
[EventDate "2024.04.02"]
[EventType "swiss (blitz)"]
[EventRounds "11"]
[EventCountry "USA"]
[SourceTitle "CB15_2024"]
[SourceDate "2024.04.10"]
[SourceVersion "1"]
[SourceVersionDate "2024.04.10"]
[SourceQuality "1"]

1. e4 e6 2. d4 d5 3. Nc3 Nf6 4. Bg5 Bb4 5. e5 h6 6. Bd2 Bxc3 7. bxc3 Ne4 8. Bd3 Nxd2 9. Qxd2 c5 10. Nf3 Nc6 11. 0-0 0-0 12. a4 Qa5 13. Qe3 c4 14. Be2 Ne7 15. Nh4 Nf5 16. Nxf5 exf5 17. Rfb1 a6 18. Bf3 Rd8 19. g3 Qc7 20. a5 Be6 21. Rb6 Rab8 22. Rab1 Qd7 23. R1b4 Rdc8 24. Rd6 Qe8 25. Bxd5 Bxd5 26. Rxd5 Qe6 27. Rd6 Qe7 28. Qf3 g6 29. Qd5 Rd8 30. Rbb6 Rxd6 31. Rxd6 Qg5 32. e6 Rf8 33. Qe5 Qc1+ 34. Kg2 Qxc2 35. e7 Re8 36. Rd8 Qa4 37. Qb8 Qc6+ 38. d5 Qxd5+ 39. Rxd5 Rxb8 40. Rd8+ 1-0

[Event "Moscow-ch op Superfinal"]
[Site "Ershovo"]
[Date "2024.02.27"]
[Round "7"]
[White "Potapova, Margarita"]
[Black "Chuersakul, Sarocha"]
[Result "1-0"]
[WhiteElo "2119"]
[BlackElo "1820"]
[PlyCount "67"]
[EventDate "2024.02.23"]
[EventType "swiss"]
[EventRounds "10"]
[EventCountry "RUS"]
[SourceTitle "CB10_2024"]
[SourceDate "2024.03.06"]
[SourceVersion "1"]
[SourceVersionDate "2024.03.06"]
[SourceQuality "1"]

1. d4 Nf6 2. c4 e6 3. Nc3 d5 4. Nf3 c5 5. cxd5 exd5 6. g3 Nc6 7. Bg2 c4 8. 0-0 Be7 9. Ne5 0-0 10. Bf4 Be6 11. Nxc4 dxc4 12. d5 Nxd5 13. Nxd5 Qa5 14. Nxe7+ Nxe7 15. Bxb7 Rad8 16. Qc2 Nd5 17. Bxd5 Qxd5 18. Rfd1 Qb7 19. f3 h6 20. Qc3 Rd5 21. Rxd5 Qxd5 22. Qe5 Rd8 23. Qxd5 Rxd5 24. Rc1 Kh7 25. Kf2 Rb5 26. Rc2 g5 27. Bd2 g4 28. Bc3 Rh5 29. Kg1 Rd5 30. Rc1 Kg6 31. Re1 gxf3 32. exf3 Rd3 33. Kf2 h5 34. Re5 1-0

[Event "Moscow-ch op Superfinal"]
[Site "Ershovo"]
[Date "2024.02.26"]
[Round "6"]
[White "Fedorov, Artem Alek"]
[Black "Potapova, Margarita"]
[Result "1-0"]
[WhiteElo "2018"]
[BlackElo "2119"]
[PlyCount "75"]
[EventDate "2024.02.23"]
[EventType "swiss"]
[EventRounds "10"]
[EventCountry "RUS"]
[SourceTitle "CB10_2024"]
[SourceDate "2024.03.06"]
[SourceVersion "1"]
[SourceVersionDate "2024.03.06"]
[SourceQuality "1"]

1. e4 c5 2. Nf3 d6 3. d4 cxd4 4. Nxd4 Nf6 5. Nc3 a6 6. Bg5 e6 7. f4 h6 8. Bh4 Qb6 9. Qd2 Qxb2 10. Rb1 Qa3 11. e5 dxe5 12. fxe5 Nfd7 13. Ne4 Qxa2 14. Rd1 Qd5 15. Qe3 Qxe5 16. Be2 Bc5 17. Bg3 Qd5 18. 0-0 e5 19. Nxc5 Qxc5 20. Rxf7 Kxf7 21. Qb3+ Ke8 22. Bf2 exd4 23. Bxd4 Qe7 24. Bh5+ Kf8 25. Qc4 Nc6 26. Rf1+ Nf6 27. Bc5 Be6 28. Bxe7+ Kxe7 29. Re1 Kd7 30. Qxe6+ Kc7 31. Qf7+ Nd7 32. Qf4+ Nde5 33. Rxe5 Nxe5 34. Qxe5+ Kb6 35. Qd4+ Kc7 36. Qxg7+ Kb6 37. Qf6+ Kc7 38. Qe7+ 1-0

[Event "Moscow-ch op Superfinal"]
[Site "Ershovo"]
[Date "2024.02.24"]
[Round "3"]
[White "Potapova, Margarita"]
[Black "Laohawirapap, Prin"]
[Result "1/2-1/2"]
[WhiteElo "2119"]
[BlackElo "2344"]
[PlyCount "101"]
[EventDate "2024.02.23"]
[EventType "swiss"]
[EventRounds "10"]
[EventCountry "RUS"]
[SourceTitle "CB10_2024"]
[SourceDate "2024.03.06"]
[SourceVersion "1"]
[SourceVersionDate "2024.03.06"]
[SourceQuality "1"]

1. d4 Nf6 2. c4 g6 3. Nc3 Bg7 4. e4 d6 5. h3 Nbd7 6. g4 0-0 7. Be3 c5 8. Nge2 a6 9. Bg2 cxd4 10. Nxd4 Ne5 11. b3 Bd7 12. 0-0 Rc8 13. Rc1 Nc6 14. Qd2 Nxd4 15. Bxd4 b5 16. cxb5 axb5 17. g5 Nh5 18. Bxg7 Nxg7 19. Nd5 Bc6 20. h4 Bxd5 21. Qxd5 Qb6 22. Bh3 e6 23. Qd2 Rc5 24. b4 Rxc1 25. Rxc1 Ra8 26. Bg4 Ne8 27. h5 Qb7 28. hxg6 hxg6 29. Bf3 Qb6 30. Kg2 Nc7 31. e5 d5 32. Rh1 Ne8 33. Rc1 Qb8 34. Qe2 Qd8 35. Qd2 Rxa2 36. Qf4 Ra7 37. Rc5 Nc7 38. Rc1 Ne8 39. Rc5 Rc7 40. Rxb5 Rc4 41. Qd2 Qc7 42. Be2 Rc2 43. Qe3 Rc3 44. Qd4 Ng7 45. Bd3 Nh5 46. Be2 Ng7 47. Bd3 Nh5 48. Be2 Ng7 49. Rb8+ Qxb8 50. Qxc3 Nf5 51. b5 1/2-1/2

[Event "Orsha op-A 22nd"]
[Site "Orsha"]
[Date "2024.01.23"]
[Round "4"]
[White "Krukouski, Serafim"]
[Black "Potapova, Margarita"]
[Result "1-0"]
[WhiteElo "1671"]
[BlackElo "2155"]
[PlyCount "122"]
[EventDate "2024.01.22"]
[EventType "swiss"]
[EventRounds "9"]
[EventCountry "BLR"]
[SourceTitle "CB05_2024"]
[SourceDate "2024.01.31"]
[SourceVersion "1"]
[SourceVersionDate "2024.01.31"]
[SourceQuality "1"]

1. e4 c5 2. Nf3 d6 3. d4 cxd4 4. Qxd4 Nc6 5. Bb5 Bd7 6. Qd3 Nf6 7. c4 g6 8. Nc3 Bg7 9. 0-0 0-0 10. h3 a6 11. Bxc6 Bxc6 12. Nd4 Nd7 13. Be3 Nc5 14. Qc2 Ne6 15. Nxe6 fxe6 16. Qb3 Qd7 17. a4 Bxc3 18. Qxc3 Bxa4 19. Bh6 Rf7 20. f3 Rc8 21. b3 Bc6 22. Rac1 Rd8 23. Rfd1 e5 24. Qa5 Rc8 25. b4 Qd8 26. Qa3 Ra8 27. Rd2 Qc8 28. Rcd1 Qe6 29. c5 g5 30. Bxg5 dxc5 31. bxc5 h6 32. Bh4 Kh7 33. Rd8 Rf8 34. Rxa8 Rxa8 35. Qb2 a5 36. Bg3 a4 37. Qxe5 Qxe5 38. Bxe5 Ra5 39. Rc1 a3 40. Kf2 a2 41. Bd4 Ra3 42. Ra1 Rd3 43. Be3 Ra3 44. Bc1 Rc3 45. Bd2 Rc2 46. Ke3 Bb5 47. f4 Bc4 48. g4 Bg8 49. h4 Rxc5 50. Bb4 Rc7 51. f5 b5 52. g5 hxg5 53. hxg5 Bb3 54. Kf4 Kg8 55. g6 Kg7 56. Ba3 Rc2 57. Bxe7 Bg8 58. Rg1 Rf2+ 59. Ke3 Rg2 60. f6+ Kh6 61. f7 Kxg6 1-0

[Event "RUS Cup final (Women)"]
[Site "Khanty-Mansiysk"]
[Date "2023.12.06"]
[Round "1.2"]
[White "Kovanova, Baira"]
[Black "Potapova, Margarita"]
[Result "1-0"]
[WhiteElo "2337"]
[BlackElo "2155"]
[PlyCount "59"]
[EventDate "2023.12.05"]
[EventType "k.o."]
[EventRounds "3"]
[EventCountry "RUS"]
[SourceTitle "CB50_2023"]
[SourceDate "2023.12.13"]
[SourceVersion "1"]
[SourceVersionDate "2023.12.13"]
[SourceQuality "1"]

1. e4 c5 2. Nf3 d6 3. Bb5+ Nd7 4. d4 cxd4 5. Nxd4 a6 6. Bd3 Ngf6 7. 0-0 g6 8. c4 Bg7 9. Nc3 0-0 10. Re1 Nc5 11. Rb1 Bd7 12. Bf1 Rb8 13. f3 Qe8 14. Be3 b5 15. cxb5 axb5 16. b4 Ne6 17. Qd2 h5 18. Rbc1 h4 19. Kh1 Nh5 20. Nd5 Qd8 21. Nc6 Bxc6 22. Rxc6 Qd7 23. Rec1 h3 24. g3 Qb7 25. Bxh3 Rfe8 26. Bxe6 fxe6 27. Rc7 Qa8 28. Nxe7+ Kh7 29. Ra7 Rxe7 30. Rxe7 1-0

[Event "Khanty-Mansiysk TOP 28 Rapid GP (Women)"]
[Site "Khanty-Mansiysk"]
[Date "2023.12.01"]
[Round "1"]
[White "Ovod, Evgenija"]
[Black "Potapova, Margarita"]
[Result "0-1"]
[WhiteElo "2256"]
[BlackElo "2155"]
[PlyCount "86"]
[EventDate "2023.12.01"]
[EventType "tourn (rapid)"]
[EventRounds "13"]
[EventCountry "RUS"]
[SourceTitle "CB49_2023"]
[SourceDate "2023.12.06"]
[SourceVersion "1"]
[SourceVersionDate "2023.12.06"]
[SourceQuality "1"]

1. d4 Nf6 2. Bf4 g6 3. e3 Bg7 4. Nf3 0-0 5. Be2 b6 6. 0-0 Bb7 7. a4 a6 8. h3 d6 9. Bh2 Nbd7 10. c4 Ne4 11. Nfd2 Nxd2 12. Qxd2 c5 13. Nc3 Nf6 14. d5 Ne8 15. e4 Nc7 16. Kh1 Re8 17. f4 e6 18. Bf3 exd5 19. cxd5 b5 20. Rad1 b4 21. Ne2 a5 22. g4 Ba6 23. Rfe1 Qd7 24. Qc2 Rac8 25. b3 Na8 26. Bg2 Nb6 27. Qb1 c4 28. Nd4 cxb3 29. Nc6 Nxa4 30. Qxb3 Nc5 31. Qa2 Bc3 32. Re3 a4 33. Rxc3 bxc3 34. Qc2 Bb7 35. e5 Bxc6 36. dxc6 Rxc6 37. f5 Nb3 38. exd6 Nd2 39. Bg3 Rec8 40. Kh2 Rxd6 41. Bxd6 Qxd6+ 42. Kh1 a3 43. fxg6 hxg6 0-1

[Event "Khanty-Mansiysk TOP 28 Rapid GP (Women)"]
[Site "Khanty-Mansiysk"]
[Date "2023.12.01"]
[Round "5"]
[White "Potapova, Margarita"]
[Black "Yurasova, Daria"]
[Result "0-1"]
[WhiteElo "2155"]
[BlackElo "2023"]
[PlyCount "134"]
[EventDate "2023.12.01"]
[EventType "tourn (rapid)"]
[EventRounds "13"]
[EventCountry "RUS"]
[SourceTitle "CB49_2023"]
[SourceDate "2023.12.06"]
[SourceVersion "1"]
[SourceVersionDate "2023.12.06"]
[SourceQuality "1"]

1. Nf3 d5 2. g3 c6 3. d4 Nf6 4. c4 Bf5 5. Nc3 e6 6. Nh4 Be4 7. f3 Bg6 8. e3 Be7 9. Bd2 Bh5 10. Be2 Nbd7 11. 0-0 0-0 12. g4 Bg6 13. Nxg6 hxg6 14. g5 Ne8 15. f4 dxc4 16. Bxc4 c5 17. Bb3 cxd4 18. exd4 Nb6 19. Be3 Nd6 20. Bf2 Nf5 21. a4 Qd6 22. a5 Qxf4 23. axb6 Bd6 24. Bg3 Qe3+ 25. Kg2 Bxg3 26. Rxf5 exf5 27. hxg3 a6 28. Nd5 Qxg5 29. Qc1 Qd8 30. Qc7 Re8 31. Qxd8 Raxd8 32. Kf3 Re6 33. Rc1 Red6 34. Rc5 Kh7 35. Kf4 Kh6 36. Bc4 R8d7 37. b4 Rd8 38. Ba2 Kh5 39. Bb3 g5+ 40. Kxf5 Re6 41. Bd1+ Kh6 42. Kg4 Re4+ 43. Kf3 Rxd4 44. Ne3 Rxd1 45. Nxd1 Rxd1 46. Rc7 f5 47. Rxb7 Rd3+ 48. Kf2 Rb3 49. Rc7 Rxb4 50. b7 a5 51. Ke3 g6 52. Kd3 a4 53. Kc3 Rb1 54. Kc2 Rb6 55. Kd2 a3 56. Rc3 a2 57. Ra3 Rxb7 58. Rxa2 Rb3 59. g4 Rg3 60. Ra4 Rxg4 61. Ra7 Re4 62. Ra1 g4 63. Ra3 Kg5 64. Rb3 f4 65. Rb5+ Kh4 66. Kd3 Re8 67. Rb6 g5 0-1

[Event "RUS-chT Rapid (Women)"]
[Site "Sochi"]
[Date "2023.10.19"]
[Round "9.18"]
[White "Komissarova, Soigina"]
[Black "Potapova, Margarita"]
[Result "1-0"]
[WhiteElo "1859"]
[BlackElo "2155"]
[PlyCount "135"]
[EventDate "2023.10.18"]
[EventType "team-swiss (rapid)"]
[EventRounds "9"]
[EventCountry "RUS"]
[SourceTitle "Mega2024 Update 01"]
[Source "Chessbase"]
[SourceDate "2023.11.12"]
[SourceVersion "1"]
[SourceVersionDate "2023.11.12"]
[SourceQuality "1"]
[WhiteTeam "Buryatiya (W)"]
[BlackTeam "Krym Kimmeriya (W)"]
[WhiteTeamCountry "RUS"]
[BlackTeamCountry "RUS"]

1. e4 c5 2. Nf3 d6 3. d4 cxd4 4. Nxd4 Nf6 5. Nc3 a6 6. Nb3 e6 7. g4 b5 8. a3 Bb7 9. Qe2 Nc6 10. g5 Nd7 11. h4 Be7 12. Bf4 Nce5 13. 0-0-0 Rc8 14. Rh3 0-0 15. Kb1 Nc4 16. h5 Bxg5 17. Bxd6 Nxd6 18. Rxd6 Qe7 19. Rd1 Bf6 20. Na2 Rc4 21. Nd2 Rc7 22. f4 e5 23. f5 Rfc8 24. c3 h6 25. Nb3 Nb6 26. Na5 Ba8 27. Nb4 Nc4 28. Nxc4 Rxc4 29. Nd5 Bxd5 30. Rxd5 Qb7 31. Qg2 R4c7 32. Rd6 Kh8 33. Bd3 Rd7 34. Rxd7 Qxd7 35. Bc2 a5 36. Rd3 Qc6 37. Bb3 Rc7 38. Bd5 Qc5 39. Qc2 b4 40. axb4 axb4 41. Qa4 bxc3 42. Rxc3 Qg1+ 43. Kc2 Qf2+ 44. Kb3 Qb6+ 45. Qb4 Qxb4+ 46. Kxb4 Rxc3 47. bxc3 Kg8 48. Kc5 Kf8 49. Kd6 Ke8 50. c4 Be7+ 51. Kxe5 Bc5 52. Bc6+ Ke7 53. Kd5 Ba7 54. e5 Bb8 55. c5 Bc7 56. Bb5 Bb8 57. Be2 Bc7 58. Bg4 Bb8 59. e6 fxe6+ 60. fxe6 Bg3 61. Kc6 Bf2 62. Kd5 Be3 63. c6 Bb6 64. Kc4 Kd6 65. Kb5 Bd8 66. Bh3 Bc7 67. Ka6 Ke7 68. Kb7 1-0

[Event "RUS-chT Rapid (Women)"]
[Site "Sochi"]
[Date "2023.10.18"]
[Round "4.2"]
[White "Nur Mukhametova, Alisa"]
[Black "Potapova, Margarita"]
[Result "0-1"]
[WhiteElo "2133"]
[BlackElo "2155"]
[PlyCount "78"]
[EventDate "2023.10.18"]
[EventType "team-swiss (rapid)"]
[EventRounds "9"]
[EventCountry "RUS"]
[SourceTitle "Mega2024 Update 01"]
[Source "Chessbase"]
[SourceDate "2023.11.12"]
[SourceVersion "1"]
[SourceVersionDate "2023.11.12"]
[SourceQuality "1"]
[WhiteTeam "Tatarstan Ladya (W)"]
[BlackTeam "Krym Kimmeriya (W)"]
[WhiteTeamCountry "RUS"]
[BlackTeamCountry "RUS"]

1. d4 Nf6 2. c4 e6 3. Nf3 d5 4. Nc3 dxc4 5. e4 Bb4 6. Bxc4 Nxe4 7. 0-0 Nf6 8. Qa4+ Nc6 9. Bg5 0-0 10. Rad1 h6 11. Bh4 g5 12. Bg3 Nd5 13. Nxd5 exd5 14. Bb5 Bd6 15. Bxc6 Bxg3 16. hxg3 bxc6 17. Qxc6 Be6 18. Rc1 Rc8 19. Qc5 a6 20. Ne5 Qf6 21. Qc6 Kg7 22. f4 Qf5 23. Qc2 gxf4 24. gxf4 f6 25. Nc6 Rf7 26. Nb4 Qg4 27. Nxa6 Bf5 28. Qd1 Qg6 29. Nc5 Rg8 30. Qf3 c6 31. a4 Kh7 32. Rf2 Rfg7 33. a5 Qf7 34. Re1 Rg3 35. Qe2 Qg6 36. a6 Bh3 37. Kh2 Bxg2 38. Qc2 Rh3+ 39. Kg1 Rh1# 0-1

[Event "RUS-chT Blitz (Women)"]
[Site "Sochi"]
[Date "2023.10.17"]
[Round "3.13"]
[White "Potapova, Margarita"]
[Black "Styazhkina, Anna"]
[Result "1-0"]
[WhiteElo "2155"]
[BlackElo "2194"]
[PlyCount "77"]
[EventDate "2023.10.17"]
[EventType "team-tourn (blitz)"]
[EventRounds "13"]
[EventCountry "RUS"]
[SourceTitle "Mega2024 Update 01"]
[Source "Chessbase"]
[SourceDate "2023.11.12"]
[SourceVersion "1"]
[SourceVersionDate "2023.11.12"]
[SourceQuality "1"]
[WhiteTeam "Krym Kimmeriya (W)"]
[BlackTeam "St Petersburg SShOR (W) II"]
[WhiteTeamCountry "RUS"]
[BlackTeamCountry "RUS"]

1. d4 d5 2. c4 c6 3. Nf3 Nf6 4. g3 Bf5 5. Nc3 e6 6. Nh4 Bg6 7. Nxg6 hxg6 8. Qd3 Bd6 9. Bg2 Nbd7 10. 0-0 0-0 11. Rd1 Bc7 12. e3 Qe7 13. b3 Rfe8 14. Bb2 Rad8 15. Rac1 dxc4 16. bxc4 Nb6 17. Qe2 a6 18. e4 Qb4 19. Bf1 c5 20. dxc5 Qxc5 21. a3 Be5 22. Kg2 g5 23. Rb1 Rc8 24. Rdc1 Red8 25. Ba1 Rd6 26. Rb4 Rcd8 27. Qe1 Rd2 28. Nd5 exd5 29. Qxd2 Nxe4 30. Qe1 Bxa1 31. Rxa1 a5 32. Rb5 Qc6 33. cxd5 Qe8 34. Rxb6 Rxd5 35. Rd1 Re5 36. Qe3 Qa4 37. Rd8+ Kh7 38. Qf3 f6 39. Qh5# 1-0

[Event "RUS-ch Rapid (Women)"]
[Site "Sochi"]
[Date "2023.10.15"]
[Round "1"]
[White "Dorokhina, Elizaveta"]
[Black "Potapova, Margarita"]
[Result "0-1"]
[WhiteElo "2014"]
[BlackElo "2155"]
[PlyCount "76"]
[EventDate "2023.10.15"]
[EventType "swiss (rapid)"]
[EventRounds "11"]
[EventCountry "RUS"]
[SourceTitle "Mega2024 Update 01"]
[Source "Chessbase"]
[SourceDate "2023.11.12"]
[SourceVersion "1"]
[SourceVersionDate "2023.11.12"]
[SourceQuality "1"]

1. d4 d5 2. Bf4 Nf6 3. e3 c5 4. c3 Nc6 5. Nd2 g6 6. Ngf3 Qb6 7. Qc1 Bg7 8. Bd3 0-0 9. h3 a5 10. b3 Nd7 11. 0-0 e5 12. dxe5 Ndxe5 13. Nxe5 Nxe5 14. Be2 Bf5 15. Nf3 Nxf3+ 16. Bxf3 Rfd8 17. g4 Bd3 18. Rd1 c4 19. Qd2 Qf6 20. Rac1 g5 21. bxc4 Bxc4 22. Bc7 Rd7 23. Bg3 Qxf3 24. e4 h6 25. e5 d4 26. Kh2 d3 27. Rg1 Qe2 28. Rcd1 Qxd2 29. Rxd2 Re8 30. Re1 Rd5 31. Re4 b5 32. a4 Bxe5 33. Kg2 Rc5 34. f3 bxa4 35. Bf2 Rcc8 36. Rd1 Bxc3 37. Rxe8+ Rxe8 38. Rc1 d2 0-1

[Event "RUS-ch Rapid (Women)"]
[Site "Sochi"]
[Date "2023.10.15"]
[Round "3"]
[White "Satanovskaia, Evgeniia"]
[Black "Potapova, Margarita"]
[Result "1/2-1/2"]
[WhiteElo "1849"]
[BlackElo "2155"]
[PlyCount "127"]
[EventDate "2023.10.15"]
[EventType "swiss (rapid)"]
[EventRounds "11"]
[EventCountry "RUS"]
[SourceTitle "Mega2024 Update 01"]
[Source "Chessbase"]
[SourceDate "2023.11.12"]
[SourceVersion "1"]
[SourceVersionDate "2023.11.12"]
[SourceQuality "1"]

1. d4 d5 2. c4 e6 3. Nc3 Nf6 4. cxd5 exd5 5. Bg5 Bb4 6. e3 h6 7. Qa4+ Nc6 8. Bxf6 Qxf6 9. Bb5 Bd7 10. Nge2 0-0 11. Bxc6 Bxc3+ 12. Nxc3 Bxc6 13. Qc2 Qg5 14. 0-0 Bd7 15. Qe2 c6 16. Qf3 Rae8 17. Qg3 Qd8 18. Rfe1 Re6 19. h3 Rg6 20. Qf3 Qh4 21. Kh2 Re8 22. Ne2 Rf6 23. Qg3 Qxg3+ 24. Kxg3 g5 25. Rad1 h5 26. Rf1 h4+ 27. Kh2 Kg7 28. Nc1 Rfe6 29. Nd3 Bc8 30. Rc1 f6 31. Rc3 R6e7 32. Ra3 Bf5 33. Rc1 Bxd3 34. Rxd3 Kg6 35. b4 Kf5 36. a4 Ke6 37. Rdc3 a6 38. b5 cxb5 39. axb5 Ra8 40. bxa6 Rxa6 41. Rb3 Kd6 42. Rc5 b6 43. Rc8 Rb7 44. Rd8+ Ke6 45. Rb5 Ra2 46. Kg1 Ra1+ 47. Kh2 Ra2 48. Kg1 Ra1+ 49. Kh2 Ra2 50. Rdxd5 Rxf2 51. e4 Re2 52. e5 fxe5 53. dxe5 Rd7 54. Rxd7 Kxd7 55. Rxb6 Rxe5 56. Rf6 Ke7 57. Rf2 Ke6 58. g3 Rf5 59. Re2+ Kf6 60. gxh4 gxh4 61. Re4 Kg5 62. Rg4+ Kh5 63. Kg2 Rc5 64. Rf4 1/2-1/2

[Event "RUS-ch Blitz (Women)"]
[Site "Sochi"]
[Date "2023.10.14"]
[Round "10"]
[White "Garifullina, Leya"]
[Black "Potapova, Margarita"]
[Result "1-0"]
[WhiteElo "2402"]
[BlackElo "2155"]
[PlyCount "85"]
[EventDate "2023.10.14"]
[EventType "swiss (blitz)"]
[EventRounds "13"]
[EventCountry "RUS"]
[SourceTitle "Mega2024 Update 01"]
[Source "Chessbase"]
[SourceDate "2023.11.12"]
[SourceVersion "1"]
[SourceVersionDate "2023.11.12"]
[SourceQuality "1"]

1. e4 g6 2. d4 Bg7 3. Nc3 d5 4. exd5 Nf6 5. Bc4 Nbd7 6. Nf3 0-0 7. Bb3 Nb6 8. 0-0 a5 9. a4 Nbxd5 10. Nxd5 Nxd5 11. c3 Bf5 12. h3 Qd6 13. Re1 Rfe8 14. Bg5 h6 15. Bh4 Nf4 16. Bg3 g5 17. Ne5 e6 18. Bc2 Bxc2 19. Qxc2 f6 20. Bxf4 gxf4 21. Nf3 e5 22. Qg6 Qd5 23. dxe5 fxe5 24. Rad1 Qc6 25. Qg4 Kh8 26. Rd7 Qf6 27. Red1 e4 28. Nh4 Qg5 29. Ng6+ Kg8 30. Nxf4 e3 31. fxe3 Rxe3 32. Nh5 Be5 33. Qe6+ Kh8 34. Qf7 Bg7 35. Qxg7+ Qxg7 36. Nxg7 Rf8 37. R1d2 Rg3 38. Ne6 Re8 39. Nd4 Rge3 40. Nf5 Re1+ 41. Kh2 R1e6 42. Nd6 Rf8 43. Nxb7 1-0

[Event "RUS-ch Blitz (Women)"]
[Site "Sochi"]
[Date "2023.10.14"]
[Round "3"]
[White "Potapova, Margarita"]
[Black "Porozhniak, Maya"]
[Result "1-0"]
[WhiteElo "2155"]
[BlackElo "1856"]
[PlyCount "67"]
[EventDate "2023.10.14"]
[EventType "swiss (blitz)"]
[EventRounds "13"]
[EventCountry "RUS"]
[SourceTitle "Mega2024 Update 01"]
[Source "Chessbase"]
[SourceDate "2023.11.12"]
[SourceVersion "1"]
[SourceVersionDate "2023.11.12"]
[SourceQuality "1"]

1. d4 c5 2. d5 g6 3. e4 Bg7 4. h4 h5 5. Nf3 d6 6. Ng5 a6 7. a4 Nd7 8. Nc3 b6 9. Be2 Nh6 10. Be3 Ne5 11. f3 Rb8 12. 0-0 Qc7 13. Qd2 Ng8 14. Nh3 Bxh3 15. gxh3 Qc8 16. Kh2 Nf6 17. f4 Ned7 18. Bc4 b5 19. axb5 axb5 20. Bxb5 Rxb5 21. Nxb5 Nxe4 22. Qd3 f5 23. Ra8 Nb8 24. Qb3 Kf7 25. Na7 Qc7 26. Nc6 Nxc6 27. dxc6+ e6 28. Rxh8 Bxh8 29. Qb7 Qxb7 30. cxb7 Bxb2 31. b8Q Bf6 32. Rb1 e5 33. Rb7+ Ke6 34. Qg8# 1-0